Acteurs du film Le Parrain par images - Statistiques

Statistiques générales
  • Ce quiz a été pris 73 fois
  • Le résultat moyen est 4 sur 9
Statistiques - réponses
Par images Hint Réponse % Correct
Don Vito Corleone Marlon Brando
97%
Michael Corleone Al Pacino
95%
le Réalisateur Francis Ford Coppola
69%
Santino Corleone James Caan
47%
Kay Adams Diane Keaton
41%
Tom Hagen Robert Duvall
39%
Constanzia Corleone Talia Shire
25%
Capitaine McCluskey Sterling Hayden
11%
Peter Clemenza Richard S. Castellano
9%
Aucun quiz correspondant
Distribution des résultats
% des personnes avec chaque résultat
Percentile par nombre de réponses
Votre historique - résultats
Vous n’avez pas pris ce quiz